La práctica y la doctrina alemanas en la guerra / (Record no. 89641)

MARC details
000 -LEADER
campo de control de longitud fija 00495nam a2200157 i 4500
001 - NÚMERO DE CONTROL
campo de control 89641
003 - IDENTIFICADOR DE NÚMERO DE CONTROL
campo de control ES-MaACL
005 - FECHA Y HORA DE LA ÚLTIMA TRANSACCIÓN
campo de control 20230906180235.0
007 - CAMPO FIJO DE DESCRIPCIÓN FÍSICA--INFORMACIÓN GENERAL
campo de control de longitud fija t|
008 - DATOS DE LONGITUD FIJA--INFORMACIÓN GENERAL
campo de control de longitud fija 050111s1915 fr ||||1| fre d
100 1# - ENTRADA PRINCIPAL--NOMBRE DE PERSONA
Nombre de persona Lavisse, Ernest.
9 (RLIN) 70728
245 13 - MENCIÓN DEL TÍTULO
Título La práctica y la doctrina alemanas en la guerra /
Mención de responsabilidad, etc. por Ernest Lavisse y Ch. Andler ; versión castellana de P. Salinas.
260 ## - PUBLICACIÓN, DISTRIBUCIÓN, ETC.
Lugar de publicación, distribución, etc. París :
Nombre del editor, distribuidor, etc. Armand Colin,
Fecha de publicación, distribución, etc. 1915.
700 1# - ENTRADA AGREGADA--NOMBRE PERSONAL
Nombre de persona Andler, Charles.
9 (RLIN) 21494
852 ## - LOCALIZACIÓN
Ubicación ES-MaACL
Número de control de estantería T-1465-F-3
Holdings
Estatus retirado Estado de pérdida Estado de daño No para préstamo Colección Biblioteca de origen Biblioteca actual Ubicación en estantería Fecha de adquisición Fuente de adquisición Total de préstamos Signatura topográfica completa Código de barras Visto por última vez Precio de reemplazo Tipo de ítem Koha
        Colección de folletos Biblioteca del Ateneo de Madrid Biblioteca del Ateneo de Madrid Depósito folletos 17/01/2008     T-1465-F-3 1093618 23/02/2023 23/02/2023 Folleto